00776nam a2200157 a 4500020002700000020003000027082001200057100001900069245004300088250001400131260004400145300001300189520033400202650001200536856007000548 a0130542563 (hardcover) a9780130542564 (hardcover) a530 HEW1 aHewlitt,Paul.G10aConceptual physics teacher's edition / a3 Tch ed. a[S.l.] :bPearson Prentice Hall,c2002. a723 p. ; aConceptual Physics provides a three-step conceptual approach which brings clarity to the complex ideas of physics, i.e. 1) Exploration, 2) Concept Development, and 3) Application. Five units explore the world of physics: Mechanics, Properties of Matter, Heat, Sound & Light, Electricity & Magnetism, and Atomic & Nuclear Physics. aphysics40uhttp://www.amazon.com/exec/obidos/ASIN/0130542563/chopaconline-20